| 000 | 00755cab a2200217 4500 | ||
|---|---|---|---|
| 001 | ABS68481 | ||
| 008 | 041125n2004 000 0 eng u | ||
| 035 | _a(Sirsi) u128159 | ||
| 100 | _aMcLeod, N. | ||
| 245 | 4 | _aThe great estate | |
| 260 | _c2004 | ||
| 490 |
_aGEO:connexion _v2(2) November 2004, 25-26(2) |
||
| 520 | _aExplains how the complex and often conflicting demands of estate management can be facilitated with appropriate digital mapping and GIS technology. Describes how one company offers a rural consultancy service using such methods. | ||
| 590 | _aABS | ||
| 650 | _aCONSULTANCY SERVICES | ||
| 650 | _aESTATE MANAGEMENT | ||
| 650 | _aGIS | ||
| 650 | _aDIGITAL MAPPING | ||
| 690 | _aRURAL-FARM BUSINESS MANAGEMENT | ||
| 942 | _n0 | ||
| 999 |
_c74638 _d74638 |
||